| 000 | 00651nam a22002057a 4500 | ||
|---|---|---|---|
| 005 | 20161206122959.0 | ||
| 010 | _aENG-116751 | ||
| 020 |
_a9788184845570 _c1280.00 |
||
| 035 | _aEN-100283 | ||
| 037 | _bDBAD/PUB | ||
| 082 | _a658.3 | ||
| 100 | _aSharma, K.C. | ||
| 245 |
_aManagement of human resources / _cby K.G.Sharma [and] Kiyanoush Ghalavand |
||
| 260 |
_aNew Delhi _bRegal Publications _c2016 |
||
| 270 |
_aF-159 Rajouri Garden _bNew Delhi _e110027 |
||
| 300 |
_axx,292p. : _c23cm(Hb) _bill |
||
| 500 | _aIncludes bibliographical references and index | ||
| 700 | _a Ghalavand,Kiyanoush | ||
| 942 |
_2ddc _cEN _h658.3 _mSHA |
||
| 999 |
_c104981 _d104981 |
||